Anáisis y diseño de losas con bordes libres

Bewaard in:
Bibliografische gegevens
Hoofdauteur: Lukowiecki Gotfrid, Leib
Formaat: Onbekend
Gepubliceerd in: [San José, Costa Rica] 1963
Onderwerpen:
Tags: Voeg label toe
Geen labels, Wees de eerste die dit record labelt!

MARC

LEADER 00000 a2200000 4500
003 011132
005 20221231143807.0
008 140114s1962 c a m 000 ||s d
040 |c cru CEDI 
090 |a TFG 164 
100 |a Lukowiecki Gotfrid, Leib  |9 17431 
245 |a Anáisis y diseño de losas con bordes libres 
260 |c 1963  |a [San José, Costa Rica] 
300 |a  [69] hojas, gráficos, tablas ; 24 cm 
500 |a  Tesis de Incorporación (Ingeniero Civil) Universidad de Costa Rica.  
650 |x RESISTENCIA DE MATERIALES  |9 17432 
942 |c TFG 
999 |c 12063  |d 12063